Clic Académiciens ou Non ? (6) - Statistiques

Statistiques générales
  • Ce quiz a été pris 4 fois
  • Le résultat moyen est 16 sur 30
Statistiques - réponses
Hint Réponse % Correct
Michel Droit (1923-2000) Académicien(ne)
100%
Jean d'Ormesson (1925-2017) Académicien(ne)
100%
Hubert Lyautey (1854-1934) Académicien(ne)
100%
Alfred de Musset (1810-1857) Académicien(ne)
100%
Eugène Labiche (1815-1888) Académicien(ne)
100%
Simone Veil (1927-2017) Académicien(ne)
100%
Benjamin Constant (1767-1830) Pas Académicien(ne)
100%
Alfred de Vigny (1797-1863) Académicien(ne)
67%
Michel Debré (1912-1996) Académicien(ne)
67%
Jean-Loup Dabadie (1938-2020) Académicien(ne)
67%
Jean-Baptiste Colbert (1619-1683) Académicien(ne)
67%
François-René de Chateaubriand (1768-1848) Académicien(ne)
67%
Charles Trenet (1913-2001) Pas Académicien(ne)
67%
Eugène Sue (1804-1857) Pas Académicien(ne)
67%
Joseph Joffre (1852-1931) Académicien(ne)
33%
Raymond Poincaré (1860-1934) Académicien(ne)
33%
Philippe Pétain (1856-1951) Académicien(ne)
33%
Jacques Isorni (1911-1995) Pas Académicien(ne)
33%
René Descartes (1596-1650) Pas Académicien(ne)
33%
Gérard de Nerval (1808-1855) Pas Académicien(ne)
33%
Stéphane Mallarmé (1842-1898) Pas Académicien(ne)
33%
Yves Coppens (1934-2022) Pas Académicien(ne)
33%
Charles de Saint-Évremond (1614-1703) Pas Académicien(ne)
33%
Camille Desmoulins (1760-1794) Pas Académicien(ne)
33%
Louise Weiss (1893-1983) Pas Académicien(ne)
33%
Paul Eluard (1895-1952) Pas Académicien(ne)
33%
Théophile Gautier (1811-1872) Pas Académicien(ne)
33%
Aristide Bruant (1851-1925) Pas Académicien(ne)
0%
Charles Péguy (1873-1914) Pas Académicien(ne)
0%
Jean-Jacques Rousseau (1712-1778) Pas Académicien(ne)
0%
Aucun quiz correspondant
Distribution des résultats
% des personnes avec chaque résultat
Percentile par nombre de réponses
Votre historique - résultats
Vous n’avez pas pris ce quiz